Central Library OPAC University of Rajshahi

Old people in homes : (Record no. 5132)

MARC details
000 -LEADER
fixed length control field 00812cam a22002771 4500
001 - CONTROL NUMBER
control field 5132
003 - CONTROL NUMBER IDENTIFIER
rucl marc code BD-RjUL
005 - DATE AND TIME OF LATEST TRANSACTION
control field 20211208234021.0
008 - FIXED-LENGTH DATA ELEMENTS--GENERAL INFORMATION
fixed length control field 770108s1963 xx 001 0 eng
035 ## - SYSTEM CONTROL NUMBER
System control number (BD-RjUL)5168
System control number (OCoLC)2667884
040 ## - CATALOGING SOURCE
Original cataloging agency DLC
Transcribing agency O
Modifying agency Uk
-- DLC
Language of cataloging eng
041 ## - LANGUAGE CODE
Language code of text/sound track or separate title eng
082 ## - DEWEY DECIMAL CLASSIFICATION NUMBER
Classification number 362.61
Author mark and year SHO 1963
100 1# - MAIN ENTRY--PERSONAL NAME
Personal name Shaw, Patricia Helen Simpson.
9 (RLIN) 16161
245 10 - TITLE STATEMENT
Title Old people in homes :
Remainder of title a handbook for matrons /
Statement of responsibility, etc. With illus. by Audrey Besterman.
260 ## - PUBLICATION, DISTRIBUTION, ETC. (IMPRINT)
Place of publication, distribution, etc. London ;
Name of publisher, distributor, etc. Faber and Faber,
Date of publication, distribution, etc. 1963.
300 ## - PHYSICAL DESCRIPTION
Pagination 173 p.
Illustrations illus.
Size 19 cm.
500 ## - GENERAL NOTE
General note "Books and publications for further reading": p. 159-160.
520 ## - SUMMARY, ETC.
Summary, etc. Includes index
526 ## - STUDY PROGRAM INFORMATION NOTE
Requested Dept. Sociology
650 #0 - SUBJECT ADDED ENTRY--TOPICAL TERM
Topical term or geographic name as entry element Old age homes.
9 (RLIN) 16162
942 ## - ADDED ENTRY ELEMENTS (KOHA)
Source of classification or shelving scheme Dewey Decimal Classification
Koha item type Books
Holdings
Lost status Source of classification or shelving scheme Damaged status Not for loan Collection code Permanent Location Current Location Shelving location Date acquired Source of acquisition Cost, normal purchase price Total Checkouts Full call number Date last seen Copy number Koha item type
  Dewey Decimal Classification     Non-fiction Central Library, University of Rajshahi Central Library, University of Rajshahi   15/03/1966 Zeitlinger 0.00   362.61 SHO 1963 24/12/2013 C-2 Books
  Dewey Decimal Classification     Non-fiction Central Library, University of Rajshahi Central Library, University of Rajshahi   15/03/1966 Zeitlinger     362.61 SHO 1963 22/08/2016 C-3 Books